01925cam a22004095a 4500001001300000003000900013005001700022008004100039020001800080020001500098040004700113082002200160100005100182245009000233250004200323264005800365264001000423300004400433336002600477337002800503338002700531500002500558504005200583650002800635650003600663651001000699653003600709655001400745700003800759942001200797999001700809952015100826952013600977952013801113952013201251952013201383ocn154699503EG-ScBUE20250709094338.0070829t2007 gw a f b 001 0 eng d a9783527316724 a3527316728 aUKMbengerdacUKMdBTCTAdBAKERdEG-ScBUE04222a660.2995bCHO1 aChorkendorff, I.q(Ib),d1955-eauthor.93971210aConcepts of modern catalysis and kinetics /cI. Chorkendorff, J. W. Niemantsverdriet. aSecond, revised and enlarged edition. 1aWeinheim :bWiley-VCH Verlag GmbH & Co. KGaA,c[2007] 4cc2007 axx, 457 pages :billustrations ;c25 cm 2rdacontentatextbtxt 2rdamediaaunmediatedbn 2rdacarrieravolumebnc aPrevious ed. : 2003. aIncludes bibliographical references and index.  7aCatalysis.2BUEsh96273 7aChemical kinetics.2BUEsh96220 2BUEsh bENGCHEcMarch2016cFebruary2017 vText book1 aNiemantsverdriet, J. W.,eauthor. 2ddccBB c21541d21513 00102ddc40708BaccahaMAINbMAINc1STd2016-03-29ePurchaseg620.00l1m4o660.2995 CHOp000032213r2025-07-15 00:00:00s2016-11-06v775.00yBB 00102ddc40708BaccahaMAINbMAINc1STd2016-03-29ePurchaseg620.00l0o660.2995 CHOp000032214r2025-07-15 00:00:00v775.00yBB 00102ddc40708BaccahaMAINbMAINc1STd2017-02-09ePurchaseg1650.00l0o660.2995 CHOp000041160r2025-07-15 00:00:00v2063.00yNB 00102ddc40708BaccahaMAINbMAINc1STd2025-07-09ePurchasel0o660.2995 CHOp000036459r2025-07-15 00:00:00w2025-07-09yBB 00102ddc40708BaccahaMAINbMAINc1STd2025-07-09ePurchasel0o660.2995 CHOp000036460r2025-07-15 00:00:00w2025-07-09yBB